Hỏi - Đáp về xử phạt vi phạm hành chính trong lĩnh vực lao động, bảo hiểm xã hội và đưa người lao động Việt Nam đi làm việc ở nước ngoài theo hợp đồng
Gồm 290 câu hỏi và trả lời về các hình thức xử phạt hành chính đối với những hành vi vi phạm trong lĩnh vực lao động, bảo hiểm xã hội và đưa người lao động Việt Nam đi làm việc ở nước ngoài dựa trên các qui định của Nghị định số 95/20...
Đã lưu trong:
| 主要作者: | |
|---|---|
| 格式: | 圖書 |
| 語言: | Undetermined |
| 出版: |
Hà Nội
Chính trị Quốc gia
2014
|
| 主題: | |
| 標簽: |
添加標簽
沒有標簽, 成為第一個標記此記錄!
|
| Thư viện lưu trữ: | Trung tâm Học liệu Trường Đại học Cần Thơ |
|---|
| LEADER | 01241nam a2200217Ia 4500 | ||
|---|---|---|---|
| 001 | CTU_199782 | ||
| 008 | 210402s9999 xx 000 0 und d | ||
| 020 | |c 31000 | ||
| 082 | |a 344.59701 | ||
| 082 | |b Ng100 | ||
| 100 | |a Thanh, Nga | ||
| 245 | 0 | |a Hỏi - Đáp về xử phạt vi phạm hành chính trong lĩnh vực lao động, bảo hiểm xã hội và đưa người lao động Việt Nam đi làm việc ở nước ngoài theo hợp đồng | |
| 245 | 0 | |c Thanh Nga chủ biên | |
| 260 | |a Hà Nội | ||
| 260 | |b Chính trị Quốc gia | ||
| 260 | |c 2014 | ||
| 520 | |a Gồm 290 câu hỏi và trả lời về các hình thức xử phạt hành chính đối với những hành vi vi phạm trong lĩnh vực lao động, bảo hiểm xã hội và đưa người lao động Việt Nam đi làm việc ở nước ngoài dựa trên các qui định của Nghị định số 95/2013/NĐ-CP | ||
| 650 | |a Labor laws and legislation,Luật lao động và văn bản quy phạm pháp luật | ||
| 650 | |z Vietnam,Việt Nam | ||
| 904 | |i Hải | ||
| 980 | |a Trung tâm Học liệu Trường Đại học Cần Thơ | ||